| 000 | 00370nam a22001217a 4500 | ||
|---|---|---|---|
| 082 | _a200 THE | ||
| 100 |
_aMUHAMMAD ADNAN KHALIL _969968 |
||
| 245 | _aTH-SOF-1657-Neuromuscular Control for Lower Limb Prosthesis | ||
| 260 |
_aISLAMABAD _bNUST COLLEGE OF EME _c2019 |
||
| 650 |
_aMS-MTS-2017 MSTHESIS _969969 |
||
| 700 | _aSupervisor DR. MOHSIN ISLAM TIWANA | ||
| 942 | _cCF | ||
| 999 |
_c577040 _d577040 |
||